| 000 | 01422nem a2200265 i 4500 | ||
|---|---|---|---|
| 001 | 91684 | ||
| 003 | ES-MaACL | ||
| 005 | 20250808063515.0 | ||
| 007 | t| | ||
| 008 | 050201s1849 sp b | |0|1||spa d | ||
| 080 | _a912(460.41) | ||
| 100 | 1 |
_aCoello, Francisco, _d1822-1898 _939459 |
|
| 245 | 1 | 0 |
_aIsla Canarias [ _hMaterial cartográfico] / _cformado el mapa en vista de diferentes documentos por el Teniente Coronel Capitán de Ingenieros D. Francisco Coello ; aumentado con notas estadísticas e históricas por el autor del Diccionario Geográfico D. Pascual Madoz. |
| 260 |
_aMadrid : _b[s.n.], _c1849. |
||
| 300 |
_a1 mapa en 2 h. ; _c84 x 111 cm, pleg. en 21 x 14 cm. |
||
| 500 | _aEscala: 1:280.000. | ||
| 500 | _aCortado en cuadrículas y forrado en tela. Otra presentación editorial doblado en papel y con cartera en la misma forma que éste. | ||
| 500 | _aEn el margen superior: Diccionario geográfico-estadístico-histórico ; Atlas de España y sus posesiones de Ultramar. | ||
| 505 | 8 | _aContiene: Noticias estadísticas e históricas, planos de las localidades más importantes y detalles de algunas zonas | |
| 651 | 4 |
_aCanarias- _vMapas _97955 |
|
| 700 | 1 |
_aMadoz, Pascual, _d1806-1870 _975334 |
|
| 740 | 0 | _aAtlas de España y sus posesiones de Ultramar. | |
| 852 |
_aES-MaACL _jR-3226-66 _xOlim:G-6494-6537 _q. - Montado sobre tela y con estuche nuevo |
||
| 999 |
_c91684 _d91684 |
||